Responses for Show #3747 - Tuesday, December 12, 2000

Contestants

[<< previous game]

Bruce Pickett, a bond trader from South Boston, Massachusetts

Tanya Wade, an assistant marketing editor from West Palm Beach, Florida

Cason Butterworth, a bartender from Trussville, Alabama (whose 1-day cash winnings total $10,900)

[next game >>]

Jeopardy! Round responses

MOTHER POLAND
NAME THE TV SHOW
SAINTLY WOMEN
FLOWER POWER
PRESIDENTIAL MIDDLE NAMES
HORSEY WORDS
    $100 6
Warsaw

Tanya
    $100 1
The Honeymooners

Cason
    $100 26
Lightning

Cason
    $100 7
Chocolate

Tanya
    $100 20
Lyndon B. Johnson

Tanya
    $100 9
Polo

Cason
    $200 16
Germany & Soviet Union

Bruce
    $200 2
(C: What is "The Lucy Show?")

I Love Lucy (The "Vitameatavegamin" skit)

Cason
Triple Stumper
    $200 27
Dragon

Cason
    $200 8
Trellis

Bruce
    $200 21
William Henry Harrison

Cason
    $200 10
Mustang

Tanya
    $300 17
Coal

Bruce
    $300 3
You Bet Your Life

Triple Stumper
    $300 28
(T: Who is Mother Teresa?)

Virgin Mary

Tanya
Triple Stumper
    $300 11
(T: What is a biennial?)

Perennials

CasonTanya
    $300 22
James E. (Jimmy) Carter

Cason
    $300 14
Denver Broncos

Tanya
    $400 18
Communist Party

Bruce
    $500 4
The Twilight Zone

Cason
    $400 29
Joan

Cason
    $400 12
(C: What is a cat-tail?)

Tiger lily

Cason
Triple Stumper
    $400 23
James K. Polk

Triple Stumper
    $400 15
Saddle shoes

Bruce
    $500 19
Gdansk

Triple Stumper
    $500 5
The Outer Limits

Bruce
    $500 30
(Alex: Agnus, with a lamb, of course; Agnes, for the saint.)

St. Agnes

Triple Stumper
    $500 13
Night blooming

Tanya
    $500 24
Rutherford B. Hayes

Triple Stumper
    $500 25
(B: Stubborn as a horse?)

Stable

TanyaBruce

Scores at the first commercial break (after clue 14):

Cason Tanya Bruce
$400 $900 $700

Scores at the end of the Jeopardy! Round:

Cason Tanya Bruce
$1,600 $1,200 $1,500

Double Jeopardy! Round responses

SHORT SCIENCE BIOS
CORPORATE HQ STATES
CLASSIC ALBUMS
KIDDY LIT
HURRY UP!
THAT'S ENOUGH STALIN
    $200 3
Pierre Curie

Tanya
    $200 21
(C: What is Ohio?)
(with about a minute left...)

Pennsylvania

CasonBruce
    $200 1
Robin Williams

Tanya
    $200 7
"A Christmas Carol"

Cason
    $200 24
Speedy

Cason
    $200 12
Georgia

Cason
    $400 17
James D. Watson

Cason
    $400 2
"Like A Virgin"

Bruce
    $400 8
(B: Who is James Brown?)

Michael Bolton

CasonBruce
    $400 13
(T: Who was Albert Einstein?)

Vladimir Lenin

CasonTanya
    $600 18
James Watt

Triple Stumper
    $600 22
California

Bruce
    $600 4
"Synchronicity"

Tanya
    $1,400 9
(C: What is "Rapunzel?")

"Sleeping Beauty"

Cason
    $600 25
Rush

Cason
    $600 14
Siberia

Cason
    $800 19
(B: Who is Volt?)

Alessandro Volta

Bruce
Triple Stumper
    $800 5
(C: Who is Bonnie Raitt?)

Bob Dylan

CasonTanya
    $800 10
"The Prince and the Pauper"

Tanya
    $800 26
(B: What is Ovenstuffer?)

Swift

Bruce
Triple Stumper
    $800 15
Bolsheviks

Triple Stumper
    $1000 20
Niels Bohr

Bruce
    $1000 23
Illinois

Bruce
    $1000 6
"Take Five" (by Dave Brubeck)

Tanya
    $1000 11
Eric Carle

Triple Stumper
    $2,000 27
(buzzer sounds)

Fleet Street

Cason
    $1000 16
(T: What is Leningrad?)

Volgograd

Tanya
Triple Stumper

Scores at the end of the Double Jeopardy! Round:

Cason Tanya Bruce
$4,200 $3,400 $2,700

[wagering suggestions for these scores]

Final Jeopardy! Round responses

AMERICAN SPORTS
BruceWhat is Lacrosse
$2,690
TanyaWhat is Lacrosse
$3,400
CasonWhat is ?
$2,601
Lacrosse

Final scores:

Cason Tanya Bruce
$1,599 $6,800 $5,390
3rd place: American Historic Society Gift Certificate New champion: $6,800 2nd place: Windjammer Caribbean Cruise

Game dynamics:

Coryat scores:

Cason Tanya Bruce
$4,500 $3,400 $2,700
18 R
(including 2 DDs),
5 W
(including 1 DD)
13 R,
4 W
11 R,
4 W

Combined Coryat: $10,600

[game clues] [game scores] [suggest correction]

Game tape date: 2000-10-24
The J! Archive is created by fans, for fans. Scraping, republication, monetization, and malicious use prohibited; this site may use cookies and collect identifying information. See terms. The Jeopardy! game show and all elements thereof, including but not limited to copyright and trademark thereto, are the property of Jeopardy Productions, Inc. and are protected under law. This website is not affiliated with, sponsored by, or operated by Jeopardy Productions, Inc. Join the discussion at JBoard.tv.